000 00315nam a2200133Ia 4500
005 20251222140055.0
008 251222s1900||||xx |||||||||||||| ||spa||
020 _a8470574841
082 _a142.3/G23
100 _aGarcía Morente, Manuel
245 0 _aLa Filosofía de Kant:
264 _bCristiandad
942 _cLIB
999 _c3733
_d3733